000 01612cam a2200217 4500500
005 20260111104513.0
041 _afre
042 _adc
100 1 0 _aCanvel, Thomas
_eauthor
245 0 0 _aFrontex, première et dernière « armée » d’Europe ?
260 _c2025.
500 _a59
520 _aEn 2004 a été créée Frontex, l’agence européenne pour la gestion de la coopération opérationnelle aux frontières extérieures des États membres de l’Union européenne. Au fil des années, son périmètre d’action s’est accru. Dotée de moyens propres, Frontex est devenue une agence supranationale dans un domaine régalien essentiel. Ce fédéralisme à bas bruit a suscité de vives critiques, d’autant que les modalités de contrôle des flux migratoires sont sujettes à controverses.
520 _aFrontex, the European agency for managing operational cooperation at the external borders of European Union member states, was created in 2004. As the years have passed, its scope has grown. Having been given its own resources, Frontex has become a supranational agency operating in a key sovereign domain. This quiet federalism has met with fierce criticism, especially as the methods used to control migration flows have also been controversial.
690 _aFrontex
690 _aImmigration illégale
690 _aPolitique migratoire
690 _aUnion européenne
786 0 _nPolitique étrangère | Hiver | 4 | 2025-11-28 | p. 119-129 | 0032-342X
856 4 1 _uhttps://shs.cairn.info/revue-politique-etrangere-2025-4-page-119?lang=fr&redirect-ssocas=7080
999 _c1630882
_d1630882